000 00375pam a2200157a 44500
008 230515b1996 xxu||||| |||| 00| 0 eng d
020 _aNULL
041 _aENG
082 _a610.73
100 _aPersis Mary hamilton
245 _aRealities of contemporary Nursing
250 _aNULL
260 _aNULL
_b"Addison Wesley, nd, 0"
_c1996
300 _a467
650 _aN.D.
999 _c524740
_d524740